000 01150nam a2200325 c 4500
999 _c186027
_d186027
003 BLK
005 20250724120017.0
008 180411b bul|||||r ||||||| ||bul||
010 _aKNG00195021000
040 _aBLK
041 _aBUL
_cBUL
080 _aНемска литература
_b821.112.2
_x-31
_z821.112.2-31
100 _aМан, Томас
_9254474
139 _aМан, Томас
_bМ 25
245 1 0 _aБуденброкови
_bУпадък на едно семейство : Роман
_cТомас Ман; прев. от нем. Димитър Стоевски.
250 _a2. изд.
257 _aDEU
260 _aСофия
_bНар. култура
_c1980
300 _a608 с.
_c22 см
380 _aX
700 _aСтоевски, Димитър
_qЧолаков, Димчо Стоев
_9364897
852 _aЦб 108129
856 4 _qpdf
_i0.00
_ldisable
856 4 _qpdf
_i0.00
_ldisable
942 _cKNG
_n0
_04
_s1
944 _aCR
_c02.11.2016
_k30531
_lЦветелина Шанова
944 _aED
_c17.05.2017
_kВиолета_Тройчева
944 _aED
_c2022-12-09
_kХристина Везирева
999 _d186027